La Polemique protestante contre Ronsard.

Saved in:
Bibliografiske detaljer
Institution som forfatter: Societe des textes francais modernes (Paris, France)
Andre forfattere: Pineaux, Jacques
Format: Bog
Sprog:French
Udgivet: Paris, M. Didier, 1973.
Fag:
LEADER 01345nam a2200325 a 4500
001 c000060961
003 CARM
005 00000000000000.0
008 731211s1973 fr b 00100 fre
015 |a F*** 
019 1 |a 404584  |z 45201330  |5 LACONCORD2021 
035 |a (OCoLC)794016  |5 LACONCORD2021 
040 |d NNCU 
050 0 0 |a PQ1677  |b .P5 
245 0 3 |a La Polemique protestante contre Ronsard.  |c Ed. des textes, avec introd. et notes par Jacques Pineaux. 
260 |a Paris,  |b M. Didier,  |c 1973. 
300 |a 2 v. (xxix, 574 p.) ;  |c 19 cm. 
500 |a At head of title: Societe des textes litteraires francais. 
500 |a Includes indexes. 
504 |a Bibliography: p. [523]-525. 
600 1 0 |a Ronsard, Pierre de,  |d 1524-1585. 
650 0 |a French literature  |x Protestant authors. 
700 1 |a Pineaux, Jacques. 
710 2 0 |a Societe des textes francais modernes (Paris, France) 
852 8 |b CARM  |h A2:AE32G0  |i A00284  |p 0051158  |f BK 
852 8 |b CARM  |h A2:AE36G0  |i A00260  |p 0051144  |f BK 
082 0 4 |a 841/.3  |2 19 
999 f f |i 30eae701-c99f-5a4d-8e2e-a82c905d422e  |s 6c9e71b2-b068-54d8-a787-0359605e4445 
952 f f |p Can circulate  |a CAVAL  |b CAVAL  |c CAVAL  |d CARM 1 Store  |e A00284  |f A2:AE32G0  |h Other scheme  |i book  |j t.1 held  |m 0051158 
952 f f |p Can circulate  |a CAVAL  |b CAVAL  |c CAVAL  |d CARM 1 Store  |e A00260  |f A2:AE36G0  |h Other scheme  |i book  |j t.2 held  |m 0051144